000 00557nam a2200193Ia 4500
003 OSt
005 20260507103818.0
008 250729s2005 xx 000 0 und d
040 _cAL
041 _akan
082 _a370 OBAU
100 _aಸುರೇಶ್ ಪಿ ಎಸ್
_9229082
245 _aಪ್ರೌಢಶಾಲಾ ಶಿಕ್ಷಣ ಮತ್ತು ಶಿಕ್ಷಕನ ಕಾರ್ಯಗಳು
260 _aಗದಗ
_c2005
300 _a404p
650 _aEducation
_9229083
700 _aRao Digumurthi
_9229084
942 _2ddc
_cBED
999 _c238213
_d238213